01604nam a2200373 a 4500001001100000003000800011006001900019007001500038008004100053010001700094020002800111040002100139035002000160050002300180082001400203100003200217245017000249260004700419300002300466490008100489504006600570533015200636650004200788650003700830650003300867650002800900650002600928650002000954655002900974710001701003830007001020856012501090999001501215ebr5007088CaPaEBRm u cr cn|||||||||970415s1998 ctua sb 001 0 eng  z 97016126  z031329514X (alk. paper) aCaPaEBRcCaPaEBR a(OCoLC)7076909214aH61.8b.L56 1998eb04a028.12211 aLindholm-Romantschuk, Ylva.10aScholarly book reviewing in the social sciences and humanitiesh[electronic resource] :bthe flow of ideas within and among disciplines /cYlva Lindholm-Romantschuk. aWestport, Conn. :bGreenwood Press,c1998. aix, 152 p. :bill.1 aContributions in librarianship and information science,x0084-9243 ;vno. 91 aIncludes bibliographical references (p. [137]-144) and index. aElectronic reproduction.bPalo Alto, Calif. :cebrary,d2013.nAvailable via World Wide Web.nAccess may be limited to ebrary affiliated libraries. 0aCommunication in the social sciences. 0aCommunication in the humanities. 0aSocial sciencesxAuthorship. 0aHumanitiesxAuthorship. 0aScholarly publishing. 0aBook reviewing. 7aElectronic books.2local2 aebrary, Inc. 0aContributions in librarianship and information science ;vno. 91.40uhttp://site.ebrary.com/lib/rucke/Doc?id=5007088zAn electronic book accessible through the World Wide Web; click to view c6321d6321